000 00686nam a22002177a 4500
003 OSt
005 20170706205803.0
008 170706b xxu||||| |||| 00| 0 eng d
020 _a0406080402 (set)
040 _aLDCLIB
_cLDCLIB
082 0 4 _aRef. 340.03
_222
_bWOR
245 0 0 _aWords and Phrases Legally Defined :
_bA-C /
_cedited by John B. Saunders.
250 _a3rd ed. Vol.1
260 _aLondon :
_bButterworths,
_c1988.
300 _a394 p. ;
_c26 cm.
500 _a"Under the general editorship of John B. Saunders."
500 _aKept up to date by supplements.
650 0 _aLaw
_zGreat Britain
_xTerminology.
_9172
700 1 _aSaunders, John Beecroft.
_9173
942 _2ddc
_cBK
999 _c68
_d68